[Event "Guernsey International Holiday 2016"]
[Site "Guernsey, GCI"]
[Date "2016.10.21"]
[Round "6"]
[White "Stuart, Brian"]
[Black "Nalichowski, Bogdan"]
[Result "1-0"]
[WhiteElo "1705"]
[BlackElo "1380"]
[PlyCount "101"]
[EventDate "2016.10.16"]
[EventType "swiss"]
[EventRounds "6"]

1. e4 c5 2. c3 e6 3. d4 cxd4 4. cxd4 d6 5. Nc3 Bd7 6. Nf3 h6 7. Bd3 a6 8. O-O
Ne7 9. Re1 b5 10. a3 Qc7 11. Bf4 g6 12. Rc1 Qb7 13. Bxd6 Bc8 14. Bb4 Bg7 15. e5
Qd7 16. Bxe7 Qxe7 17. d5 O-O 18. d6 Qd7 19. Ne4 Ra7 20. Qd2 Qd8 21. Qe3 Rd7 22.
Nc5 Kh7 23. Nxd7 Bxd7 24. Nd4 Qh4 25. g3 Qh5 26. Rc5 f5 27. f4 g5 28. Rec1 Rg8
29. Rc7 gxf4 30. Qxf4 Qe8 31. Kh1 h5 32. R7c5 Bh6 33. Qf2 Bxc1 34. Rxc1 Rf8 35.
Qf4 Rg8 36. Be2 a5 37. Kg1 b4 38. axb4 axb4 39. Rc7 Rg7 40. Kf2 Qf7 41. Rb7 Qg8
42. Bxh5 Qc8 43. Rxb4 Nc6 44. Nxc6 Bxc6 45. Be2 Be4 46. Rc4 Qb8 47. b4 Qa7+ 48.
Qe3 Qa1 49. Rc1 Qxe5 50. Qc5 f4 51. Qxe5 1-0

[Event "Guernsey International Holiday 2016"]
[Site "Guernsey, GCI"]
[Date "2016.10.21"]
[Round "6"]
[White "Gibzinski, Stanislaw"]
[Black "Sandercock, E Barry"]
[Result "0-1"]
[WhiteElo "1384"]
[BlackElo "1701"]
[PlyCount "56"]
[EventDate "2016.10.16"]
[EventType "swiss"]
[EventRounds "6"]

1. c4 Nf6 2. g3 g6 3. b3 Bg7 4. Bb2 d6 5. d4 O-O 6. Bg2 c6 7. Nf3 Bf5 8. O-O
Nbd7 9. Nc3 a6 10. e4 Nxe4 11. Nxe4 Bxe4 12. Re1 f5 13. Rb1 b5 14. Rc1 b4 15.
Bf1 e5 16. Ng5 Qxg5 17. dxe5 Nxe5 18. Be2 f4 19. Bxe5 dxe5 20. Qd6 Rad8 21.
Qe6+ Kh8 22. Qh3 fxg3 23. hxg3 Rd2 24. Rcd1 Rxa2 25. Rd7 Bf5 26. Qg2 Bxd7 27.
Bf3 Rb2 28. Rd1 Bg4 0-1

[Event "Guernsey International Holiday 2016"]
[Site "Guernsey, GCI"]
[Date "2016.10.21"]
[Round "6"]
[White "Kershaw, Graham J"]
[Black "Jones, Sidney A"]
[Result "1-0"]
[WhiteElo "1687"]
[BlackElo "1472"]
[PlyCount "57"]
[EventDate "2016.10.16"]
[EventType "swiss"]
[EventRounds "6"]

1. e4 e5 2. Nf3 Nc6 3. Bb5 Nf6 4. O-O a6 5. Ba4 Be7 6. Re1 b5 7. Bb3 O-O 8. c3
d5 9. exd5 Nxd5 10. Nxe5 Nxe5 11. Rxe5 c6 12. Bxd5 cxd5 13. Qf3 Be6 14. d4 Bf6
15. Re2 Qd7 16. h3 Rac8 17. b4 Bxd4 18. Bb2 Bf6 19. Nd2 Rc6 20. Nb3 Qc8 21. Nc5
Rxc5 22. bxc5 Qxc5 23. a4 Rc8 24. axb5 Qxb5 25. c4 dxc4 26. Bxf6 gxf6 27. Qxf6
c3 28. Rxe6 c2 29. Ree1 1-0

[Event "Guernsey International Holiday 2016"]
[Site "Guernsey, GCI"]
[Date "2016.10.21"]
[Round "6"]
[White "Glover, John"]
[Black "Kerr, Matthew"]
[Result "1-0"]
[WhiteElo "1826"]
[BlackElo "1400"]
[PlyCount "83"]
[EventDate "2016.10.16"]
[EventType "swiss"]
[EventRounds "6"]

1. Nf3 c5 2. c4 Nc6 3. g3 e5 4. d3 Nf6 5. Bg2 Be7 6. Nc3 Qa5 7. O-O d6 8. a3
O-O 9. Bd2 Qd8 10. Ne1 Bd7 11. Nc2 Rb8 12. b4 b6 13. b5 Nd4 14. Ne3 Be6 15.
Ncd5 Re8 16. h3 Qd7 17. Kh2 Bd8 18. Nc3 Nh5 19. Ned5 Nf6 20. a4 Nxd5 21. Nxd5
Bxd5 22. Bxd5 Qf5 23. Be4 Qf6 24. h4 Ne6 25. e3 Qh6 26. Qg4 Ng5 27. Bd5 e4 28.
Kg2 Nf3 29. Bc3 Bf6 30. Bxf6 Qxf6 31. dxe4 Nd2 32. Rfd1 Re7 33. Ra2 Nxe4 34.
Bxe4 h5 35. Qf5 Qxf5 36. Bxf5 g6 37. Bh3 Rd8 38. Rd5 f5 39. Rad2 Red7 40. Kf3
Kg7 41. Kf4 Kf6 42. e4 1-0

[Event "Guernsey International Holiday 2016"]
[Site "Guernsey, GCI"]
[Date "2016.10.21"]
[Round "6"]
[White "Bennett, David"]
[Black "Harnden, Terry"]
[Result "1/2-1/2"]
[WhiteElo "1405"]
[BlackElo "1368"]
[PlyCount "117"]
[EventDate "2016.10.16"]
[EventType "swiss"]
[EventRounds "6"]

1. Nf3 d5 2. d4 Nf6 3. Bf4 e6 4. a3 c5 5. e3 a6 6. Nbd2 c4 7. c3 Be7 8. Be2 O-O
9. O-O Nc6 10. Ne5 Qb6 11. Rb1 Qd8 12. Nxc6 bxc6 13. Nf3 c5 14. Ne5 Bb7 15. Qc2
cxd4 16. exd4 Ne4 17. Nf3 f5 18. Ra1 Bd6 19. Be5 Bxe5 20. Nxe5 Rf6 21. f3 Ng5
22. f4 Ne4 23. Rf3 Rh6 24. h3 g5 25. Qc1 g4 26. Re3 Qh4 27. Qe1 g3 28. Nf3 Qxf4
29. Bd1 Kf7 30. Ne5+ Kg7 31. Rf3 Qg5 32. b4 cxb3 33. Bxb3 Rc8 34. Rc1 Rc7 35.
c4 Rf6 36. c5 Bc6 37. Rd1 Bb5 38. Rb1 Kh6 39. Rb2 Kh5 40. Bd1 Kh6 41. a4 Be8
42. Rfb3 Bxa4 43. Nf3 Qg7 44. Ra3 Bxd1 45. Qxd1 Rb7 46. Qc1+ f4 47. Rc2 Ra7 48.
c6 Qc7 49. Qb1 Nd6 50. Ne5 Kg7 51. Nd7 Rf7 52. Ne5 Rf5 53. Qd1 h5 54. Rb2 Nf7
55. Nxf7 Kxf7 56. Rc2 Kg6 57. Qd3 Qb6 58. Rb3 Qc7 59. Ra3 1/2-1/2

[Event "Guernsey International Holiday 2016"]
[Site "Guernsey, GCI"]
[Date "2016.10.21"]
[Round "6"]
[White "Foster, Paul"]
[Black "Newrick, William"]
[Result "1-0"]
[WhiteElo "1645"]
[BlackElo "1225"]
[PlyCount "57"]
[EventDate "2016.10.16"]
[EventType "swiss"]
[EventRounds "6"]

1. e4 c5 2. Nc3 e6 3. f4 Nc6 4. Nf3 Nge7 5. d4 Nxd4 6. Nxd4 cxd4 7. Nb5 Nc6 8.
Nxd4 Nxd4 9. Qxd4 Qa5+ 10. Bd2 Qc5 11. Qd3 d5 12. e5 Bd7 13. c3 a6 14. Be3 Qc7
15. Qd2 Bc5 16. Bd3 Bxe3 17. Qxe3 O-O 18. O-O Rac8 19. Kh1 f6 20. Qh3 h6 21.
Rae1 fxe5 22. Rxe5 Rxf4 23. Rfe1 Rcf8 24. Qe3 Qd8 25. Rg1 Qf6 26. h3 Qh4 27.
Rxe6 Bxe6 28. Qxe6+ Kh8 29. Qg6 1-0

[Event "Guernsey International Holiday 2016"]
[Site "Guernsey, GCI"]
[Date "2016.10.21"]
[Round "6"]
[White "Van Beek, Ronald E"]
[Black "Brown, Jim"]
[Result "1-0"]
[WhiteElo "1297"]
[BlackElo "1195"]
[PlyCount "58"]
[EventDate "2016.10.16"]
[EventType "swiss"]
[EventRounds "6"]

1. d4 c6 2. e4 d6 3. Nc3 Nd7 4. Nf3 Ngf6 5. Bd3 e6 6. O-O Be7 7. Bf4 h6 8. h3
O-O 9. Bh2 Nh7 10. Re1 b5 11. b4 a5 12. a3 a4 13. Ne2 Re8 14. c4 bxc4 15. Bxc4
Ba6 16. Qd3 Qc8 17. Rac1 Bxc4 18. Qxc4 Ra6 19. Rc3 Qa8 20. Rec1 Rc8 21. Qd3 Nb8
22. d5 c5 23. dxe6 fxe6 24. Ned4 Bf6 25. e5 Be7 26. Nxe6 Nf8 27. Nxf8 Rxf8 28.
exd6 Rxd6 29. Bxd6 Bxd6 1-0

[Event "Guernsey International Holiday 2016"]
[Site "Guernsey, GCI"]
[Date "2016.10.22"]
[Round "7"]
[White "Dennis, Nigel W"]
[Black "Van Hoek, Wim"]
[Result "1/2-1/2"]
[WhiteElo "1813"]
[BlackElo "1888"]
[PlyCount "28"]
[EventDate "2016.10.16"]
[EventType "swiss"]
[EventRounds "6"]

1. e4 e5 2. Nf3 Nc6 3. Bb5 f5 4. d4 fxe4 5. Nxe5 Nxe5 6. dxe5 c6 7. Be2 Qa5+ 8.
Bd2 Qxe5 9. Bc3 Qg5 10. O-O Nf6 11. Bd2 Qe5 12. Bc3 Qg5 13. Bd2 Qe5 14. Bc3 Qg5
1/2-1/2

[Event "Guernsey International Holiday 2016"]
[Site "Guernsey, GCI"]
[Date "2016.10.22"]
[Round "7"]
[White "Goris Schouwstra, Adry"]
[Black "Hoogakker, Peter"]
[Result "1-0"]
[WhiteElo "1796"]
[BlackElo "1789"]
[PlyCount "57"]
[EventDate "2016.10.16"]
[EventType "swiss"]
[EventRounds "6"]

1. d4 Nf6 2. Nf3 g6 3. c4 d6 4. Nc3 Bg7 5. e4 O-O 6. Be2 e5 7. O-O Nc6 8. d5
Ne7 9. Ne1 Nd7 10. Nd3 f5 11. f3 f4 12. g4 fxg3 13. hxg3 Kh8 14. Kg2 Ng8 15.
Rh1 Ndf6 16. Be3 Nh5 17. Qd2 Rf7 18. Raf1 Qf8 19. c5 Bh6 20. f4 Nhf6 21. cxd6
cxd6 22. fxe5 Bxe3 23. Qxe3 dxe5 24. Nxe5 Rg7 25. Qg5 Qe8 26. Rxf6 Nxf6 27.
Qxf6 Kg8 28. d6 Bd7 29. Bc4+ 1-0

[Event "Guernsey International Holiday 2016"]
[Site "Guernsey, GCI"]
[Date "2016.10.22"]
[Round "7"]
[White "Bateman, Kerry"]
[Black "Brooker, Chris H"]
[Result "1-0"]
[WhiteElo "1742"]
[BlackElo "1700"]
[PlyCount "87"]
[EventDate "2016.10.16"]
[EventType "swiss"]
[EventRounds "6"]

1. e4 e6 2. d4 d5 3. Nc3 Nf6 4. e5 Nfd7 5. f4 c5 6. Nf3 Nc6 7. Be3 Be7 8. Be2
cxd4 9. Nxd4 O-O 10. Qd2 Nxd4 11. Bxd4 Bc5 12. O-O-O a6 13. f5 Qc7 14. f6 Bxd4
15. fxg7 Bxc3 16. gxf8=Q+ Kxf8 17. Qxc3 Qxc3 18. bxc3 Nxe5 19. c4 dxc4 20. Rhe1
Ke7 21. Bh5 f6 22. Rd4 Bd7 23. Bf3 Nxf3 24. gxf3 b5 25. Rg1 Be8 26. Rg7+ Bf7
27. Rxh7 e5 28. Rg4 Ke6 29. Rgg7 Rf8 30. Kd2 a5 31. Kc3 Ke7 32. a3 Ke8 33. h4
Ke7 34. h5 Ke8 35. h6 Ke7 36. Rg1 Ke6 37. Rhg7 Rh8 38. Rh1 Ke7 39. Rh2 Kf8 40.
Rg4 Rh7 41. Rgh4 Ke7 42. Re2 Bg6 43. Rg2 Kf7 44. Rd2 1-0

[Event "Guernsey International Holiday 2016"]
[Site "Guernsey, GCI"]
[Date "2016.10.22"]
[Round "7"]
[White "Colsen, Manuel"]
[Black "Kirkwood, Robin"]
[Result "1/2-1/2"]
[WhiteElo "1696"]
[BlackElo "1646"]
[PlyCount "110"]
[EventDate "2016.10.16"]
[EventType "swiss"]
[EventRounds "6"]

1. Nf3 b6 2. g3 Bb7 3. Bg2 e5 4. d3 Nf6 5. e4 d6 6. O-O Be7 7. c4 O-O 8. Nc3
Nc6 9. Nd5 Re8 10. a3 a5 11. Bd2 Nd4 12. Nxd4 exd4 13. b4 c6 14. Nxe7+ Rxe7 15.
Bg5 Re8 16. Qf3 Bc8 17. Bxf6 Qxf6 18. Qxf6 gxf6 19. e5 Rxe5 20. Bxc6 Rb8 21.
Rfe1 Bb7 22. Rxe5 fxe5 23. Bxb7 Rxb7 24. Rb1 axb4 25. Rxb4 Ra7 26. a4 Ra6 27.
Kg2 Kf8 28. f4 Ke7 29. fxe5 dxe5 30. g4 f6 31. Kf3 Kd6 32. Ke4 Kc5 33. Rb5+ Kc6
34. Rb4 Kc5 35. Rb5+ Kc6 36. Kf5 Rxa4 37. Kxf6 e4 38. dxe4 d3 39. Rd5 Rxc4 40.
Rxd3 Rxe4 41. Kf5 Re2 42. Rh3 Re7 43. Kf6 Ra7 44. Rh6 b5 45. h4 b4 46. Ke5+ Kc5
47. Ke4 Kc4 48. Rb6 Re7+ 49. Kf5 Rc7 50. g5 Kc3 51. h5 b3 52. g6 hxg6+ 53. hxg6
Kc2 54. Kf6 b2 55. g7 Rxg7 1/2-1/2

[Event "Guernsey International Holiday 2016"]
[Site "Guernsey, GCI"]
[Date "2016.10.22"]
[Round "7"]
[White "Plug, Arjan"]
[Black "Haisma, Henk"]
[Result "1/2-1/2"]
[WhiteElo "1852"]
[BlackElo "1836"]
[PlyCount "28"]
[EventDate "2016.10.16"]
[EventType "swiss"]
[EventRounds "6"]

1. e4 c5 2. Nc3 Nc6 3. g3 e5 4. Bg2 Nf6 5. d3 h6 6. Nh3 d6 7. O-O Be7 8. Be3
Be6 9. f4 Bxh3 10. Bxh3 exf4 11. Bxf4 Qb6 12. Qd2 g5 13. Bxd6 Bxd6 14. Rxf6 Be5
1/2-1/2

[Event "Guernsey International Holiday 2016"]
[Site "Guernsey, GCI"]
[Date "2016.10.22"]
[Round "7"]
[White "O'Connell, Denis"]
[Black "Bakkes, Frits"]
[Result "1/2-1/2"]
[WhiteElo "1694"]
[BlackElo "1641"]
[PlyCount "183"]
[EventDate "2016.10.16"]
[EventType "swiss"]
[EventRounds "6"]

1. e4 e5 2. d4 exd4 3. c3 d3 4. Bxd3 d6 5. Nf3 Nf6 6. h3 Nbd7 7. O-O Ne5 8.
Nxe5 dxe5 9. Bb5+ Bd7 10. Bxd7+ Qxd7 11. Qxd7+ Kxd7 12. Rd1+ Ke6 13. f3 Bc5+
14. Kf1 Rad8 15. Ke2 Nh5 16. Rxd8 Rxd8 17. Na3 Ng3+ 18. Ke1 Bxa3 19. bxa3 f5
20. exf5+ Nxf5 21. Rb1 b6 22. Ke2 Nd6 23. Bg5 Rd7 24. Rd1 Nb5 25. Rd3 Nxa3 26.
Rxd7 Kxd7 27. Kd3 b5 28. Be3 a5 29. g4 Nc4 30. Bc5 Kc6 31. Bf8 g6 32. h4 Kd5
33. h5 c5 34. hxg6 hxg6 35. Kc2 Ne3+ 36. Kd2 Ng2 37. Be7 Nf4 38. Ke3 Ne6 39.
Kd3 c4+ 40. Ke3 Nf4 41. Bd8 a4 42. Be7 Nd3 43. Bf8 Ke6 44. Ba3 Nf4 45. Bf8 Nd5+
46. Kd2 Kf7 47. Bd6 Kf6 48. a3 Ke6 49. Bf8 Nf6 50. Ke3 Nh7 51. Bc5 Ng5 52. Bf8
Kd5 53. Be7 Ne6 54. Bf6 Nc5 55. Be7 Nb7 56. Bf8 Nd6 57. Be7 Ke6 58. Bf8 Ne8 59.
Bc5 Nf6 60. Bf8 Nd5+ 61. Kd2 Kf6 62. Bd6 Nf4 63. Ke3 Nd3 64. Bf8 Kf7 65. Bd6
Kg7 66. Be7 Kf7 67. Bd6 Kf6 68. Bf8 Nf4 69. Bd6 Nd5+ 70. Kd2 Ke6 71. Bf8 Ne7
72. Bg7 Ng8 73. Bf8 Kf7 74. Bd6 Ke6 75. Bf8 Ne7 76. Bg7 Nc6 77. Bf8 Kf6 78. Ke3
Kg5 79. Bd6 Kf6 80. Bf8 Ne7 81. Kd2 g5 82. Ke3 Ng6 83. Bd6 Ke6 84. Bb4 Kd5 85.
Ba5 Nf4 86. Bd8 Nh3 87. Be7 Ke6 88. Bd8 Kd7 89. Bf6 Ke6 90. Bd8 Kd5 91. Be7 Ke6
92. Bd8 1/2-1/2

[Event "Guernsey International Holiday 2016"]
[Site "Guernsey, GCI"]
[Date "2016.10.22"]
[Round "7"]
[White "Turner, David J"]
[Black "Gunn, Michael J"]
[Result "1/2-1/2"]
[WhiteElo "1793"]
[BlackElo "1649"]
[PlyCount "49"]
[EventDate "2016.10.16"]
[EventType "swiss"]
[EventRounds "6"]

1. e4 e6 2. d3 c5 3. Nd2 g6 4. Ngf3 Bg7 5. g3 Nc6 6. Bg2 Nge7 7. O-O O-O 8. h4
h6 9. Re1 e5 10. Nf1 d6 11. Ne3 f5 12. h5 f4 13. Nd5 fxg3 14. fxg3 Bg4 15. hxg6
Nd4 16. Rf1 Nxd5 17. exd5 Rf6 18. Be3 Nxf3+ 19. Bxf3 Bxf3 20. Rxf3 Qf8 21. Kg2
Rxf3 22. Qxf3 Qxf3+ 23. Kxf3 Rf8+ 24. Kg4 Rf6 25. Rh1 1/2-1/2

[Event "Guernsey International Holiday 2016"]
[Site "Guernsey, GCI"]
[Date "2016.10.22"]
[Round "7"]
[White "Sandercock, E Barry"]
[Black "Derrick, Neil"]
[Result "1/2-1/2"]
[WhiteElo "1701"]
[BlackElo "1829"]
[PlyCount "81"]
[EventDate "2016.10.16"]
[EventType "swiss"]
[EventRounds "6"]

1. Nf3 Nf6 2. d3 d5 3. Nbd2 c5 4. g3 g6 5. Bg2 Bg7 6. e4 O-O 7. O-O Nc6 8. Re1
Be6 9. a4 dxe4 10. dxe4 Qb6 11. Qe2 Nb4 12. Nc4 Qa6 13. Nce5 Qxe2 14. Rxe2 Rad8
15. Bf4 h6 16. c3 Nd3 17. Nxd3 Rxd3 18. Rd2 Rxd2 19. Nxd2 Rd8 20. Be3 Ng4 21.
Nf3 Nxe3 22. fxe3 Bg4 23. Kf2 Bxf3 24. Kxf3 Rd2 25. Rb1 g5 26. h3 h5 27. g4
hxg4+ 28. hxg4 Be5 29. Bh1 b6 30. Bg2 f6 31. Bh1 Kf7 32. Bg2 Ke6 33. Bf1 Bd6
34. Bc4+ Kd7 35. Bb5+ Kc7 36. Bf1 Rh2 37. Bg2 Rh8 38. c4 Rh2 39. b3 Rh8 40. Rd1
a5 41. Rd2 1/2-1/2

[Event "Guernsey International Holiday 2016"]
[Site "Guernsey, GCI"]
[Date "2016.10.22"]
[Round "7"]
[White "Kirk, Matthew"]
[Black "Kershaw, Graham J"]
[Result "0-1"]
[WhiteElo "1791"]
[BlackElo "1687"]
[PlyCount "56"]
[EventDate "2016.10.16"]
[EventType "swiss"]
[EventRounds "6"]

1. d4 Nf6 2. c4 e6 3. Nf3 d5 4. Nc3 c5 5. e3 Be7 6. Be2 O-O 7. O-O Nc6 8. b3 b6
9. Bb2 cxd4 10. Nxd4 Nxd4 11. exd4 dxc4 12. Bf3 Rb8 13. bxc4 Bb7 14. Bxb7 Rxb7
15. Qf3 Rc7 16. Nb5 Rxc4 17. Nxa7 Qd7 18. Qe2 b5 19. a4 Qxa7 20. axb5 Qc7 21.
Rfc1 Rxc1+ 22. Rxc1 Qb7 23. Qe5 Nd5 24. Qe2 Rb8 25. g3 h6 26. Qe5 Qxb5 27. Ba1
Ra8 28. f4 Qd3 0-1

[Event "Guernsey International Holiday 2016"]
[Site "Guernsey, GCI"]
[Date "2016.10.22"]
[Round "7"]
[White "Thackray, Ian M"]
[Black "Jongerius, Marc"]
[Result "1/2-1/2"]
[WhiteElo "1765"]
[BlackElo "1637"]
[PlyCount "32"]
[EventDate "2016.10.16"]
[EventType "swiss"]
[EventRounds "6"]

1. e4 d6 2. b3 Nf6 3. d3 g6 4. Bb2 Bg7 5. Nc3 c6 6. Nf3 Qa5 7. Qd2 b5 8. Be2
O-O 9. Nd1 Qxd2+ 10. Nxd2 a5 11. O-O Nbd7 12. Rb1 e5 13. c4 b4 14. a4 Nc5 15.
Ne3 Ne6 16. g3 Nd4 1/2-1/2

[Event "Guernsey International Holiday 2016"]
[Site "Guernsey, GCI"]
[Date "2016.10.22"]
[Round "7"]
[White "Kearsley, Raymond J"]
[Black "Van Vliet, Ton"]
[Result "1-0"]
[WhiteElo "1736"]
[BlackElo "1596"]
[PlyCount "59"]
[EventDate "2016.10.16"]
[EventType "swiss"]
[EventRounds "6"]

1. e4 c5 2. Nf3 Nc6 3. Bb5 Nd4 4. Nxd4 cxd4 5. O-O e5 6. d3 Nf6 7. Nd2 Be7 8.
f4 a6 9. Ba4 b5 10. Bb3 d6 11. Nf3 Qc7 12. Bd2 h5 13. c3 dxc3 14. Bxc3 exf4 15.
Rc1 Qd7 16. Ng5 d5 17. Rxf4 Ng4 18. Nxf7 Rf8 19. Bxd5 Bb7 20. Ne5 Nxe5 21.
Rxf8+ Bxf8 22. Bxb7 Qxb7 23. Bxe5 Qb6+ 24. Kh1 g6 25. Qf3 Qe6 26. d4 Bh6 27.
Rc7 Qxa2 28. h3 Qe6 29. d5 Qg8 30. Qf6 1-0

[Event "Guernsey International Holiday 2016"]
[Site "Guernsey, GCI"]
[Date "2016.10.22"]
[Round "7"]
[White "Rowe, Oliver"]
[Black "Norman, Dinah M"]
[Result "1/2-1/2"]
[WhiteElo "1585"]
[BlackElo "1732"]
[PlyCount "44"]
[EventDate "2016.10.16"]
[EventType "swiss"]
[EventRounds "6"]

1. d4 d5 2. Bf4 Nf6 3. e3 c5 4. c3 Qb6 5. Qc2 Nc6 6. Nf3 Bg4 7. Be2 e6 8. Nbd2
Bf5 9. dxc5 Bxc5 10. Qb3 h6 11. Qxb6 Bxb6 12. O-O O-O 13. Nb3 Rac8 14. Nbd4
Nxd4 15. exd4 Rfd8 16. h3 a6 17. a4 Bc7 18. Bxc7 Rxc7 19. Nd2 Rdc8 20. Ra3 Rd8
21. Rc1 Ne4 22. Nxe4 Bxe4 1/2-1/2

[Event "Guernsey International Holiday 2016"]
[Site "Guernsey, GCI"]
[Date "2016.10.22"]
[Round "7"]
[White "Foran, Barry"]
[Black "Stuart, Brian"]
[Result "0-1"]
[WhiteElo "1394"]
[BlackElo "1705"]
[PlyCount "73"]
[EventDate "2016.10.16"]
[EventType "swiss"]
[EventRounds "6"]

1. d4 Nf6 2. Nf3 g6 3. Nc3 d5 4. Bf4 Bg7 5. e3 O-O 6. Ne5 Nh5 7. Bg3 Nxg3 8.
hxg3 c5 9. Qf3 cxd4 10. exd4 Nc6 11. Nxc6 bxc6 12. O-O-O e5 13. dxe5 Bxe5 14.
Qe3 Bg7 15. Qc5 Qg5+ 16. Kb1 Qf6 17. Rd3 Re8 18. a3 Re1+ 19. Rd1 Rxd1+ 20. Nxd1
Rb8 21. c3 Bf5+ 22. Ka2 Rb6 23. Rh4 Bc2 24. Rf4 Qe6 25. Ne3 Bb3+ 26. Ka1 Bf8
27. Qd4 c5 28. Qd2 h5 29. Be2 Bh6 30. Rh4 Bg5 31. Rh1 Rd6 32. f4 Bf6 33. f5 Qe8
34. fxg6 fxg6 35. Nc2 Bg5 36. Qd3 Bc4 37. Qf3 0-1

[Event "Guernsey International Holiday 2016"]
[Site "Guernsey, GCI"]
[Date "2016.10.22"]
[Round "7"]
[White "Goman, Colin"]
[Black "Ruigrok, Jacques"]
[Result "0-1"]
[WhiteElo "1734"]
[BlackElo "1559"]
[PlyCount "62"]
[EventDate "2016.10.16"]
[EventType "swiss"]
[EventRounds "6"]

1. d4 d5 2. Nf3 Nf6 3. e3 e6 4. Bd3 c5 5. c4 cxd4 6. cxd5 Bb4+ 7. Ke2 O-O 8.
Nxd4 exd5 9. Qa4 Bc5 10. Nf3 Bd6 11. Nc3 Nc6 12. a3 Re8 13. Kd1 Ng4 14. Qc2 Nf6
15. Ng5 g6 16. h4 Ne4 17. Be2 Bf5 18. Qb3 h6 19. Nf3 Ne5 20. Nxe4 Bxe4 21. Nd4
Bxg2 22. Rg1 Qxh4 23. Qxb7 Qxf2 24. Re1 Nf3 25. Nxf3 Bxf3 26. Qa6 Bxe2+ 27.
Rxe2 Qf1+ 28. Kd2 Be5 29. Ra2 Rac8 30. Ra1 Rc7 31. Qd3 Rec8 0-1

[Event "Guernsey International Holiday 2016"]
[Site "Guernsey, GCI"]
[Date "2016.10.22"]
[Round "7"]
[White "Foster, Paul"]
[Black "Glover, John"]
[Result "0-1"]
[WhiteElo "1645"]
[BlackElo "1826"]
[PlyCount "95"]
[EventDate "2016.10.16"]
[EventType "swiss"]
[EventRounds "6"]

1. e4 d5 2. exd5 Qxd5 3. Nc3 Qd6 4. d4 Nf6 5. Nge2 c6 6. a3 Bf5 7. Bf4 Qd8 8.
Ng3 Bg6 9. Bc4 e6 10. O-O Bd6 11. Bg5 Be7 12. Re1 O-O 13. Qd2 Nbd7 14. Re2 Nb6
15. Bb3 Nfd5 16. Bxe7 Qxe7 17. Rae1 Rad8 18. Nge4 Qc7 19. Nc5 Nd7 20. Bxd5 Nxc5
21. Ba2 Nd7 22. Ne4 b6 23. Ng5 h6 24. Nf3 Bh5 25. Qe3 c5 26. h3 cxd4 27. Nxd4
Bxe2 28. Qxe2 Nf6 29. c3 Rfe8 30. Qc2 Qd7 31. Bb1 g6 32. Nf3 Kg7 33. h4 h5 34.
g3 Qd5 35. Nd4 Ng4 36. f4 Kf8 37. b4 Qd7 38. Nf3 Qb7 39. Kg2 Rd6 40. Qe2 Red8
41. Be4 Qc7 42. Rc1 a5 43. Kh3 axb4 44. axb4 Qa7 45. Nd4 Qa3 46. Rc2 Qa1 47.
Nb3 Qd1 48. Qf2 0-1

[Event "Guernsey International Holiday 2016"]
[Site "Guernsey, GCI"]
[Date "2016.10.22"]
[Round "7"]
[White "Nielsen, Jorgen Holmstrom"]
[Black "Bennett, David"]
[Result "1-0"]
[WhiteElo "1797"]
[BlackElo "1405"]
[PlyCount "137"]
[EventDate "2016.10.16"]
[EventType "swiss"]
[EventRounds "6"]

1. Nc3 Nf6 2. f4 d5 3. e3 Bf5 4. Nf3 a6 5. Ne2 Nbd7 6. Ng3 Bg4 7. Be2 e6 8. O-O
Be7 9. d3 O-O 10. e4 Nh5 11. Nxh5 Bxh5 12. Kh1 c5 13. e5 Rc8 14. Qe1 b5 15. Qg3
f5 16. Bd2 Qb6 17. h3 c4 18. d4 a5 19. c3 b4 20. Qh2 Qd8 21. Rg1 Bg6 22. g4
fxg4 23. Rxg4 Bf5 24. Rg2 Be4 25. Rag1 g6 26. Qg3 Qe8 27. h4 Kh8 28. Kh2 Rg8
29. Rh1 Qf7 30. Kg1 Rg7 31. Qf2 Rcg8 32. Rg3 Qf8 33. Kf1 h5 34. Rh2 Rh7 35. Ng5
Bxg5 36. Rxg5 Qf7 37. cxb4 axb4 38. Bxb4 Rb8 39. a3 Nb6 40. Qe3 Qe8 41. Bd1 Qb5
42. Qc3 Na4 43. Bxa4 Qxa4 44. Qd2 Qb3 45. Bc3 Rf7 46. Rg3 Qa4 47. Bb4 Qb5 48.
Rc3 Rf5 49. Ke1 Rb7 50. Rg3 Rg7 51. Rf2 Rff7 52. Rf1 Rf5 53. Rfg1 Qe8 54. Rg5
Qf7 55. Rf1 Rg8 56. Bd6 Qe8 57. Qb4 Qd7 58. Be7 Kh7 59. b3 Rf7 60. Bd6 Rc8 61.
Bc5 cxb3 62. Qxb3 Qc7 63. Rg3 Qb8 64. Rf2 Qa8 65. Rc3 Rb8 66. Bb4 Qa6 67. Kd2
Qa7 68. Rc5 Qe7 69. Qg3 1-0

[Event "Guernsey International Holiday 2016"]
[Site "Guernsey, GCI"]
[Date "2016.10.22"]
[Round "7"]
[White "Jones, Sidney A"]
[Black "Nalichowski, Bogdan"]
[Result "1/2-1/2"]
[WhiteElo "1472"]
[BlackElo "1380"]
[PlyCount "81"]
[EventDate "2016.10.16"]
[EventType "swiss"]
[EventRounds "6"]

1. d4 d5 2. c4 Nf6 3. Nf3 Bg4 4. h3 Bh5 5. Nc3 e6 6. Bg5 Be7 7. Bxf6 Bxf6 8. e3
c6 9. Be2 Nd7 10. O-O O-O 11. Re1 Be7 12. cxd5 exd5 13. Rc1 Bb4 14. a3 Ba5 15.
b4 Bc7 16. Qc2 Nf6 17. Qd1 a6 18. Nd2 Bg6 19. Bf3 Re8 20. Ne2 Qb8 21. Nf1 Bd6
22. Neg3 a5 23. Qb3 Qc7 24. b5 Qb6 25. Be2 a4 26. Qb2 Ra5 27. Rc3 c5 28. dxc5
Bxc5 29. Rec1 Rc8 30. Kh1 Ne8 31. Nd2 Nd6 32. Bf1 Nxb5 33. Qb4 Rc6 34. Rxc5
Rxc5 35. Qxc5 Qd8 36. Qc8 Qf8 37. Qd7 Nd6 38. Qxd6 Qxd6 39. Rc8+ Qf8 40. Rxf8+
Kxf8 41. f4 1/2-1/2

[Event "Guernsey International Holiday 2016"]
[Site "Guernsey, GCI"]
[Date "2016.10.22"]
[Round "7"]
[White "Harnden, Terry"]
[Black "Van Beek, Ronald E"]
[Result "1-0"]
[WhiteElo "1368"]
[BlackElo "1297"]
[PlyCount "78"]
[EventDate "2016.10.16"]
[EventType "swiss"]
[EventRounds "6"]

1. e4 e6 2. d4 d5 3. Nc3 c5 4. Nge2 Nc6 5. Be3 cxd4 6. Nxd4 Bb4 7. Nxc6 Bxc3+
8. bxc3 bxc6 9. Bd3 Ne7 10. O-O O-O 11. Bd4 Ng6 12. Qf3 Qg5 13. Qg3 Qxg3 14.
fxg3 Bd7 15. Rab1 e5 16. Bc5 Rfd8 17. Rb7 f6 18. Rfb1 Bc8 19. Rb8 Rxb8 20. Rxb8
Nf8 21. Bxf8 Kxf8 22. exd5 Ke7 23. dxc6 Kd6 24. Ra8 Kxc6 25. Rxa7 Rd7 26. Ra4
h6 27. Rb4 Rd8 28. Kf2 Be6 29. a4 Rc8 30. c4 Kc5 31. c3 Rd8 32. Rb5+ Kc6 33.
Ke3 Bd7 34. Rd5 Kc7 35. a5 Bc6 36. Rxd8 Kxd8 37. Be4 Kc7 38. c5 Kb7 39. a6+ Kc7
1-0

[Event "Guernsey International Holiday 2016"]
[Site "Guernsey, GCI"]
[Date "2016.10.22"]
[Round "7"]
[White "Kerr, Matthew"]
[Black "Gibzinski, Stanislaw"]
[Result "0-1"]
[WhiteElo "1400"]
[BlackElo "1384"]
[PlyCount "110"]
[EventDate "2016.10.16"]
[EventType "swiss"]
[EventRounds "6"]

1. Nf3 d5 2. d4 Nf6 3. Nc3 Bf5 4. Nh4 Bc8 5. g3 c6 6. Bg2 Nbd7 7. O-O e5 8. e3
Bd6 9. Nf5 Bf8 10. dxe5 Nxe5 11. Nd4 Bg4 12. Nf3 Bd6 13. h3 Nxf3+ 14. Bxf3 Bxf3
15. Qxf3 O-O 16. e4 dxe4 17. Nxe4 Nxe4 18. Qxe4 Re8 19. Qg4 Qf6 20. c3 Re6 21.
Kg2 Rae8 22. Be3 a6 23. Bd4 Be5 24. Bxe5 Qxe5 25. f4 Qe2+ 26. Rf2 Qxg4 27. hxg4
Re2 28. g5 g6 29. Kf1 Rxf2+ 30. Kxf2 Rd8 31. Rb1 Rd2+ 32. Kf3 Kf8 33. a4 Ke7
34. Ke3 Rc2 35. b4 Rxc3+ 36. Kf2 Rd3 37. Re1+ Kd7 38. Re3 Rd2+ 39. Re2 Rxe2+
40. Kxe2 Kd6 41. Kd2 Kd5 42. Kc3 b6 43. g4 c5 44. b5 axb5 45. axb5 Ke4 46. Kc4
Kxf4 47. Kd5 Kxg4 48. Kc6 Kxg5 49. Kxb6 c4 50. Ka6 c3 51. b6 c2 52. b7 c1=Q 53.
b8=Q Qc6+ 54. Ka5 Qd5+ 55. Ka4 Qa2+ 0-1